000 01044nam a2200229 i 4500
001 161230
003 ES-MaACL
005 20240419183722.0
008 990610s1857 sp |||| | spa d
100 1 _aPacheco, Joaquín Francisco,
_d1808-1865
_988121
245 1 0 _aItalia :
_bensayo descriptivo, artístico y político.
_nPrimera parte /
_cpor Joaquín Francisco Pacheco.
260 _aMadrid :
_bImp. Nacional,
_c1857.
300 _a428 p. ;
_c23 cm.
530 _aDisponible en formato digital.
596 _aSegún BN sólo se publicó la 1ª parte; Palau afirma que la obra parece completa.
651 4 _aItalia-
_xDescripción-
_yS.XIX.
_98862
651 4 _aItalia-
_xPolítica y gobierno-
_y1849-1870.
_9171686
852 _aES-MaACL
_jG-11908
_z- Enc. cart.
856 _uhttp://bdh-rd.bne.es/viewer.vm?id=0000095433&page=1
_zBiblioteca Digital Hispánica
856 _uhttp://www.bibliotecavirtualdeandalucia.es/catalogo/es/consulta/registro.do?id=8730
_zBiblioteca Virtual de Andalucía
999 _c161230
_d161230